000 01029nam a2200289 4500
003 CO-CtgCURN
005 20250331185143.0
007 ta
008 160627s2002 000 0 eng d
020 _a9701038363
040 _aCO-CtgCURN
_bspa
_ccoctgcurn
082 0 _a610.736
_bB877e
100 1 _aBurroughs, Arlene.
245 1 0 _aEnfermeria maternoinfantil /
_cArlene Burroughs ; Gloria Leifer.
260 _aMexico :
_bMcGraw-Hill Interamericana,
_c2002.
300 _axiii, 426 p :
_bil., lamns., fot.
336 _2rdacontent
337 _2rdamedia
_asin mediacion
_bn
338 _2rdacarrier
_avolumen
_bnc
505 8 _aDinámica social y familiar.--Desarrollo fetal.--Embarazo.--El recien nacido.--Periodo posparto.--Complicaciones de la gestación.--Cuidados basados en la comunidad
650 1 4 _aEnfermeria.
650 1 4 _aPediatría.
700 1 _aLeifer, Gloria.
908 _a160627
942 _cBK
_h610.736
_iB877e
_2ddc
999 _c21438
_d21438